| 000 | 00313nam a22001097a 4500 | ||
|---|---|---|---|
| 008 | 140211t xxu||||| |||| 00| 0 eng d | ||
| 100 |
_aPaul R. viotti _9692 |
||
| 245 |
_aInternational relations and world politics _bsecurity - economy - identity |
||
| 250 | _athird edition | ||
| 300 | _axv, 580 p. : | ||
| 942 |
_2ddc _cBK |
||
| 999 |
_c16951 _d16951 |
||